| 000 | 00716nam a2200229Ia 4500 | ||
|---|---|---|---|
| 003 | OSt | ||
| 005 | 20240524095636.0 | ||
| 008 | 210716s1992 xx 000 0 und d | ||
| 020 | _a8185623368 | ||
| 040 | _cAIMIT LIBRARY | ||
| 041 | _aeng | ||
| 082 |
_a005.73 _21 _bDALN |
||
| 100 |
_aDale, Nell0. _9167335 |
||
| 245 |
_aPascal plus data structures algorithms and advanced programming / _cby Nell Dale and Susan C. Lilly. |
||
| 250 | _a3rd ed. | ||
| 260 |
_aNew Delhi : _bGalgotia Book Source , _c1992. |
||
| 300 |
_axxvii,730,A1-19 p.; _bPB _c24.8 cm. |
||
| 650 |
_aVerifying debugging and testing _9167336 |
||
| 650 |
_aData design _9167337 |
||
| 650 |
_aFIFO queues _9167338 |
||
| 942 |
_2ddc _cBK _k005.73 DALN |
||
| 999 |
_c182072 _d182072 |
||